00352 2200145 4500001002100000008004100021035002000062245002400082100001800106260002800124300002000152082001100172650001000183990001300193INLIS000000000000615 ind  a0010-0322000615 aBONA DAN BONIcIKHA aPUPUT MUGIATI aSURABAYAbCAHAYA AGENCY a24 hlm.c19 cm. a398.24 aFABEL a102822-1